Who's Afraid of Little Old Me? lyrics - Statistics

General Stats
  • This quiz has been taken 21 times
  • The average score is 411 of 418
Answer Stats
Lyrics % Correct
a
100%
about
100%
afraid
100%
all
100%
always
100%
an
100%
and
100%
as
100%
asylum
100%
At
100%
bad
100%
be
100%
broke?
100%
bullet
100%
But
100%
but
100%
can
100%
circus
100%
cobwebs
100%
contained
100%
costs,
100%
could
100%
Crash
100%
cry
100%
did?
100%
didn't
100%
disturbed
100%
do
100%
don't
100%
"Don't
100%
down
100%
drunk
100%
everything
100%
fearsome,
100%
feel
100%
folks,
100%
from
100%
gallows
100%
get
100%
good
100%
had
100%
has
100%
hear
100%
her
100%
hour
100%
house
100%
how
100%
hurt
100%
I
100%
If
100%
if
100%
I'll
100%
I'm
100%
in
100%
into
100%
is
100%
Is
100%
is?
100%
isn't
100%
it
100%
joke
100%
just
100%
keep
100%
kids
100%
last
100%
laugh
100%
lawn
100%
Let's
100%
levitate
100%
life
100%
like
100%
little
100%
made
100%
me
100%
me?"
100%
me?
100%
me,
100%
mean
100%
more
100%
my
100%
name
100%
not
100%
of
100%
old
100%
on
100%
one
100%
out
100%
own
100%
party
100%
Put
100%
raised
100%
record
100%
said
100%
said?
100%
say
100%
scandal
100%
scratch
100%
scream,
100%
should
100%
show
100%
snarl
100%
sneak
100%
So
100%
songs,
100%
step
100%
still
100%
street
100%
tame,
100%
tears,
100%
teeth"
100%
tell
100%
that?"
100%
that
100%
That
100%
that's
100%
The
100%
the
100%
Then
100%
then
100%
they
100%
this
100%
'til
100%
to
100%
took
100%
until
100%
wanna
100%
was
100%
we
100%
Well,
100%
what
100%
where
100%
who
100%
who's
100%
"Who's
100%
Who's
100%
why
100%
with
100%
wonder
100%
worry,
100%
wouldn't
100%
wrong
100%
You
100%
you
100%
your
100%
you're
100%
alive
91%
along
91%
attack
91%
bare
91%
dead,
91%
for
91%
grazed
91%
hands
91%
leap
91%
makes
91%
narcotics
91%
Nothing
91%
poised
91%
"sad"
91%
should've
91%
singin'
91%
sue
91%
wanted
91%
wretched,
91%
paths
82%
paved
82%
their
82%
caged
73%
'cause
73%
am
64%
called
64%
crazy
64%
taught
64%
lured
55%
trained
55%
gentile
36%
No matching quizzes found
Score Distribution
Percent of People with Each Score
Percentile by Number Answered
Your Score History
You have not taken this quiz